000 00636nam a2200205Ia 4500
001 12119
003 GE_BSU
008 181216s||||||||xx |||||||||||||| ||und||
040 _cGE_BSU
245 _aДипломатическая служба. №5 2014.
245 _bНаучно-практический журнал
245 _cгл. ред. Николенко Валерий Дмитриевич.
260 _aМосква
260 _c2014
300 _a82 стр.29 см.
653 _aДипломатическая служба
653 _aПериодика
653 _aპერიოდიკა
942 _cCR
999 _c45295
_d45295